000 00722nam a2200241Ia 4500
003 OSt
005 20220923225356.0
006 a|||||r|||| 00| 0
007 ta
008 220922b |||||||| |||| 00| 0 hin d
024 _a264,770
037 _cTextual
040 _aARTS
_cARTS
_bhin
041 _2hin
_ahin
082 _aP152, M7
100 _aझाल्टे, दंगल
245 0 _aप्रयोजनमूलक हिन्दी
246 _aPrayojanamūlak hindī
260 _aनयी दिल्ली
_b विद्या विहार
_c1987
300 _a175पृ.
_ccm.
942 _hP152, M7
_cTEXL
_2CC
999 _c377871
_d377871